| 000 | 00499nam a2200145Ia 4500 | ||
|---|---|---|---|
| 008 | 140724s9999 xx 000 0 und d | ||
| 050 |
_aTS 155 _b.M433 2012 |
||
| 100 | _aMatola, Elena Krizzia O. | ||
| 245 |
_aComputerized inventory system for R.O. Matola Store / _cElena Krizzia O. Matola. |
||
| 260 |
_aLas PiƱas, Philippines : _bSouthville International School and Colleges, _cc2012. |
||
| 300 |
_a35 p. : _bill. ; _c28 cm. |
||
| 521 | _aInformation Technology | ||
| 942 | _cTH | ||
| 999 |
_c229109 _d229109 |
||